000 00645nam a22002057a 4500
005 20250120132337.0
008 250120b |||||||| |||| 00| 0 eng d
020 _a9780072954449
050 _aHF5667
_b.A815 LOU
100 _aLouwers Timothy J.
245 _aAuditing & Assurance Services
_cTimothy J. Louwers, Robert J. Ramsay, David H. Sinason & Jerry R. Strawser
260 _aBoston
_bMcGraw-Hill/Irwin
_c2005
300 _axiii. 764p.
_bill. col.
_c28.5 cm x 22.5 cm
500 _aIncludes Index
650 _2Auditing
700 _aRamsay Robert J.
700 _aSinason David H.
700 _aStrawser Jerry R.
942 _2lcc
_cBK
_n0
999 _c2723
_d2723